Europei 2024 - Rosa nazionale: Svizzera - Statistics

Statistiche generali
  • Questo quiz è stato fatto 35 volte
  • Il punteggio medio è 15 su 27
Statistiche sulle risposte
# Ruolo Giocatore % Corretto
1 P Yann Sommer
100%
7 A Breel Embolo
86%
23 C Xherdan Shaqiri
86%
10 C Granit Xhaka
83%
8 C Remo Freuler
83%
5 D Manuel Akanji
79%
17 C Ruben Vargas
79%
19 A Dan Ndoye
72%
21 P Gregor Kobel
69%
20 C Michel Aebischer
66%
- Allenatore Murat Yakin
62%
13 D Ricardo Rodríguez
59%
22 D Fabian Schär
55%
3 D Silvan Widmer
55%
4 D Nico Elvedi
52%
9 A Noah Okafor
52%
6 C Denis Zakaria
45%
12 P Yvon Mvogo
45%
18 A Kwadwo Duah
41%
25 A Zeki Amdouni
34%
26 C Fabian Rieder
28%
16 C Vincent Sierro
28%
11 C Renato Steffen
24%
14 C Steven Zuber
24%
24 C Ardon Jashari
21%
15 D Cédric Zesiger
17%
2 D Leonidas Stergiou
17%
Nessun quiz corrispondente trovato
Distribuzione punteggi
Percentuale di utenti per punteggio
Percentile per numero di risposta
I tuoi punteggi nel tempo
Non hai fatto questo quiz